Manual de periodismo

Saved in:
Bibliografiske detaljer
Main Authors: Leñero, Vicente (Author), Marín, Carlos (Author)
Format: Bog
Sprog:spansk
Udgivet: Ciudad de México Grijalbo 1993
Serier:Tratados y manuales Grijalbo
Fag:
Tags: Tilføj Tag
Ingen Tags, Vær først til at tagge denne postø!

MARC

LEADER 00000nam a2200000 a 4500
001 UCY3848
003 CL-VaPUC
008 950119e19930000MX |||||||||||||||||spa|d
082 0 4 |a 070.4  |b LEN  |2 21 
100 |a Leñero, Vicente  |e author  |9 576634 
700 0 |a Marín, Carlos  |e author  |9 332261 
245 1 0 |a Manual de periodismo 
300 |a 315 p 
942 |c BK 
945 |d 19950119 00:00:00  |a rbrito 
260 |a Ciudad de México  |b Grijalbo  |c 1993 
650 0 |a Periodismo   |9 310113 
583 |a last modification  |c 19950119 00:00:00  |k Rodrigo Vera 
490 0 |a Tratados y manuales Grijalbo 
999 |c 231892  |d 231890 
952 |0 0  |1 0  |4 0  |6 070_400000000000000_LEN_1993  |7 0  |8 A  |9 235687  |a BIBCUR  |b BIBCUR  |d 2019-11-15  |i 3049531  |l 4  |o 070.4 LEN 1993  |p 3049531  |r 2025-04-22  |s 2023-03-16  |w 2019-11-15  |y BK  |k PER 
952 |0 0  |1 0  |4 0  |6 070_400000000000000_LEN_1993  |7 0  |8 A  |9 235688  |a BIBCUR  |b BIBCUR  |d 2019-11-15  |i 3054128  |l 5  |m 1  |o 070.4 LEN 1993  |p 3054128  |r 2025-04-22  |s 2024-08-14  |w 2019-11-15  |y BK  |k PER